[Event "Landesklasse West 2013/2014"]
[Site "?"]
[Date "2013.11.17"]
[Round "3"]
[White "Schulz, Tilo"]
[Black "Frank, Thomas"]
[Result "1-0"]
[WhiteElo "1873"]
[BlackElo "1897"]
[PlyCount "111"]
[EventDate "2013.??.??"]
[WhiteTeam "Randspringer Bad Salzungen"]
[BlackTeam "Schachclub Rochade Leinefelde"]

1. d4 Nf6 2. c4 g6 3. Nc3 Bg7 4. e4 d6 5. f3 O-O 6. Be3 c5 7. dxc5 dxc5 8. Qxd8
Rxd8 9. Bxc5 Nc6 10. Nd5 Nd7 11. Nxe7+ Nxe7 12. Bxe7 Re8 13. Ba3 f5 14. O-O-O
fxe4 15. fxe4 Rxe4 16. Nf3 Nf6 17. Bd3 Re8 18. Rhe1 Bg4 19. Rxe8+ Rxe8 20. Re1
Rxe1+ 21. Nxe1 Nd7 22. h3 Be6 23. Nf3 Bf6 24. b3 Kf7 25. Bd6 b6 26. Be4 h5 27.
Kc2 g5 28. Bd5 Bxd5 29. cxd5 Kg6 30. Kd3 Bb2 31. Be7 g4 32. hxg4 hxg4 33. Nd4
Bxd4 34. Kxd4 Kf5 35. Bd6 a6 36. a4 b5 37. axb5 axb5 38. Bc7 Kf6 39. Bg3 Kf5
40. b4 Kf6 41. Ke4 Nb6 42. Bf2 Nd7 43. Kf4 Ke7 44. Bc5+ Kf7 45. Kf5 Nf6 46. Ke5
Ne8 47. Bd6 Nf6 48. Bc7 Ne8 49. Bd8 Ng7 50. Kd6 Nf5+ 51. Kc5 Ne3 52. g3 Nf5 53.
Bc7 Ne3 54. Bf4 Nf5 55. Kxb5 Nd4+ 56. Kc4 1-0

[Event "Landesklasse West 2013/2014"]
[Site "?"]
[Date "2013.11.17"]
[Round "3"]
[White "Pfitzenreuter, Gerald"]
[Black "Feldmann, Bernd"]
[Result "1-0"]
[WhiteElo "1893"]
[BlackElo "1817"]
[PlyCount "93"]
[EventDate "2013.??.??"]
[WhiteTeam "Schachclub Rochade Leinefelde"]
[BlackTeam "Randspringer Bad Salzungen"]

1. d4 d5 2. Nf3 c6 3. c4 e6 4. Nc3 f5 5. cxd5 exd5 6. Bf4 Nf6 7. e3 Be7 8. Bd3
O-O 9. Qc2 Ne4 10. O-O Nd7 11. Rac1 g5 12. Be5 g4 13. Ne1 Nxe5 14. dxe5 Bg5 15.
Qe2 Qb6 16. a3 Be6 17. Na4 Qa5 18. Bxe4 Qxa4 19. Bb1 d4 20. Nd3 Qa6 21. Qd1 Bc4
22. Nb4 Bxf1 23. Nxa6 dxe3 24. Kxf1 e2+ 25. Kxe2 Bxc1 26. Qxc1 bxa6 27. Ba2+
Kh8 28. Qc3 Kg7 29. e6+ Kg6 30. Qe5 Rae8 31. f4 Re7 32. Kf2 Rfe8 33. Kg3 Rd8
34. Bb1 Rf8 35. Qd6 Kf6 36. Qe5+ Kg6 37. Kh4 Rf6 38. Ba2 Rf8 39. h3 h5 40. Qd6
Kf6 41. Qxc6 Rd8 42. Qc3+ Kg6 43. Qc5 Kf6 44. Qe5+ Kg6 45. Bb1 Rf8 46. Qc5 Rfe8
47. Bxf5+ 1-0

[Event "Landesklasse West 2013/2014"]
[Site "?"]
[Date "2013.11.17"]
[Round "3"]
[White "Kunze, Heinz"]
[Black "Seeboth, Paul"]
[Result "0-1"]
[WhiteElo "1693"]
[BlackElo "1819"]
[PlyCount "102"]
[EventDate "2013.??.??"]
[WhiteTeam "Randspringer Bad Salzungen"]
[BlackTeam "Schachclub Rochade Leinefelde"]

1. e4 c5 2. Nf3 Nc6 3. d4 cxd4 4. Nxd4 g6 5. Be3 Bg7 6. Be2 d6 7. O-O Bd7 8.
Nc3 Nf6 9. h3 O-O 10. Qd2 a6 11. Rad1 b5 12. f3 Re8 13. Nxc6 Bxc6 14. Nd5 Bxd5
15. exd5 Qc7 16. c3 Nd7 17. Bd4 Bxd4+ 18. Qxd4 Qb6 19. Kh1 Qxd4 20. Rxd4 Nb6
21. f4 Rac8 22. Rf2 Rc5 23. Bf3 Kg7 24. Kh2 Rc4 25. Rxc4 Nxc4 26. Bg4 Nb6 27.
Rd2 h5 28. Be2 h4 29. Bg4 f5 30. Bf3 Rc8 31. Kg1 Rc4 32. Rd4 Ra4 33. a3 Rxd4
34. cxd4 Nc4 35. b3 Nxa3 36. Bd1 Kf6 37. Kf2 g5 38. g3 hxg3+ 39. Kxg3 Nb1 40.
fxg5+ Kxg5 41. h4+ Kf6 42. Kf4 a5 43. Bc2 Nc3 44. Bxf5 Nxd5+ 45. Ke4 Nc3+ 46.
Kf4 Ne2+ 47. Kg4 Nxd4 48. Bd7 b4 49. Ba4 d5 50. Kf4 Ne6+ 51. Ke3 Nc5 0-1

[Event "Landesklasse West 2013/2014"]
[Site "?"]
[Date "2013.11.17"]
[Round "3"]
[White "Löffelholz, Christian"]
[Black "Mäurer, Michael"]
[Result "1/2-1/2"]
[WhiteElo "1726"]
[BlackElo "1592"]
[PlyCount "24"]
[EventDate "2013.??.??"]
[WhiteTeam "Schachclub Rochade Leinefelde"]
[BlackTeam "Randspringer Bad Salzungen"]

1. e4 c6 2. d4 d5 3. Nc3 dxe4 4. Nxe4 Bf5 5. Ng3 Bg6 6. Nf3 Nd7 7. Bd3 Bxd3 8.
Qxd3 Qc7 9. Be3 Ngf6 10. O-O e6 11. c4 Bd6 12. a3 a5 1/2-1/2

[Event "Landesklasse West 2013/2014"]
[Site "?"]
[Date "2013.11.17"]
[Round "3"]
[White "Minor, Viatcheslav"]
[Black "Krüger, Karsten"]
[Result "1-0"]
[WhiteElo "1920"]
[BlackElo "1242"]
[PlyCount "41"]
[EventDate "2013.??.??"]
[WhiteTeam "SV Wartburgstadt Eisenach"]
[BlackTeam "Schachverein Stützerbach"]

1. e4 e5 2. Bc4 Nc6 3. Nc3 Nf6 4. d3 Bb4 5. Nf3 Bxc3+ 6. bxc3 h6 7. O-O O-O 8.
a4 a5 9. Qe1 d6 10. Rb1 b6 11. Nh4 d5 12. Bb5 Bb7 13. f3 dxe4 14. fxe4 Qd6 15.
Nf5 Qc5+ 16. Be3 Qa3 17. Nxh6+ Kh7 18. Nf5 Rg8 19. Bxc6 Bxc6 20. Rb3 Qf8 21.
Qh4+ 1-0

[Event "Landesklasse West 2013/2014"]
[Site "?"]
[Date "2013.11.17"]
[Round "3"]
[White "Latussek, Paul"]
[Black "Neef, Michael"]
[Result "0-1"]
[WhiteElo "1448"]
[BlackElo "1867"]
[PlyCount "82"]
[EventDate "2013.??.??"]
[WhiteTeam "Schachverein Stützerbach"]
[BlackTeam "SV Wartburgstadt Eisenach"]

1. f4 d5 2. Nf3 c5 3. e3 Nc6 4. Bb5 Bd7 5. O-O Nf6 6. b3 g6 7. Bb2 Bg7 8. Nc3
O-O 9. d3 Qc7 10. Ne2 Rac8 11. Bxc6 Bxc6 12. Ne5 e6 13. Rb1 b5 14. c4 b4 15. a4
Nd7 16. Nxd7 Qxd7 17. Bxg7 Kxg7 18. Rc1 f5 19. Ng3 Rfd8 20. Qe2 dxc4 21. dxc4
Qd2 22. Rfd1 Qxe2 23. Nxe2 Be4 24. Rxd8 Rxd8 25. Re1 Rd2 26. Kf1 Bd3 27. Kf2
Rb2 28. Kf3 Rxb3 29. Nc1 Be4+ 30. Kf2 Rc3 31. Na2 Rxc4 32. Rc1 Rc2+ 33. Rxc2
Bxc2 34. a5 b3 35. Nc3 b2 36. Ke2 b1=Q 37. Nxb1 Bxb1 38. Kd2 Be4 39. g3 c4 40.
Kc3 Bd3 41. Kd4 Kf6 0-1

[Event "Landesklasse West 2013/2014"]
[Site "?"]
[Date "2013.11.17"]
[Round "3"]
[White "Schwarz, Hilmar"]
[Black "Löhn, Marko"]
[Result "1-0"]
[WhiteElo "1798"]
[BlackElo "1564"]
[PlyCount "87"]
[EventDate "2013.??.??"]
[WhiteTeam "SV Wartburgstadt Eisenach"]
[BlackTeam "Schachverein Stützerbach"]

1. e4 d5 2. exd5 Nf6 3. c4 c6 4. d4 cxd5 5. c5 Nc6 6. Bf4 Bf5 7. Nc3 a6 8. Nf3
Qa5 9. a3 Ne4 10. Rc1 e6 11. Be2 Be7 12. O-O Nxc3 13. Rxc3 Qd8 14. b4 O-O 15.
Ne5 Bf6 16. Re3 Bxe5 17. Bxe5 Nxe5 18. Rxe5 Qc7 19. Bd3 Bxd3 20. Qxd3 Qd7 21.
Rh5 f5 22. Rh3 Rf6 23. Re1 Raf8 24. f4 Rg6 25. Rhe3 Rff6 26. h3 h5 27. Qd1 h4
28. a4 Qc7 29. Re5 b6 30. Qc1 b5 31. axb5 axb5 32. Qa1 Qc6 33. Qa5 Rg3 34. Qb6
Qe8 35. Rxe6 Rxg2+ 36. Kxg2 Qg6+ 37. Kh1 Qg3 38. R6e3 Qxf4 39. Qd8+ Kh7 40.
Qxd5 Rg6 41. Qf3 Qxd4 42. Qh5+ Rh6 43. Qxf5+ Rg6 44. Re6 1-0

[Event "Landesklasse West 2013/2014"]
[Site "?"]
[Date "2013.11.17"]
[Round "3"]
[White "Klesser, Robert"]
[Black "Königsdörfer, Gerhard"]
[Result "0-1"]
[WhiteElo "1813"]
[BlackElo "1851"]
[PlyCount "76"]
[EventDate "2013.??.??"]
[WhiteTeam "Schachverein Stützerbach"]
[BlackTeam "SV Wartburgstadt Eisenach"]

1. e4 e5 2. Nf3 Nc6 3. d4 exd4 4. Bc4 Nf6 5. O-O Bc5 6. Bg5 d6 7. c3 Bg4 8. Bb5
dxc3 9. Nxc3 h6 10. Bh4 O-O 11. Bxc6 bxc6 12. Qa4 g5 13. Bg3 Rb8 14. Rab1 Rb4
15. Qxc6 Bd7 16. Qa6 Nxe4 17. Nxe4 Rxe4 18. Qd3 Rfe8 19. Rbe1 Qe7 20. h3 Bf5
21. Qd5 Qe6 22. Qc6 Qd7 23. Qd5 Rxe1 24. Rxe1 Rxe1+ 25. Nxe1 Qe6 26. Qa8+ Kg7
27. Nf3 Qxa2 28. Qc6 Bb6 29. Qc3+ f6 30. Kh2 Qd5 31. Qe1 Kf7 32. h4 Be6 33.
hxg5 hxg5 34. Qe2 Bg4 35. Qc2 Bxf3 36. Qh7+ Ke8 37. gxf3 Qxf3 38. Qc2 f5 0-1

[Event "Landesklasse West 2013/2014"]
[Site "?"]
[Date "2013.11.17"]
[Round "3"]
[White "Anschütz, Bernd"]
[Black "Handschuh, Franz"]
[Result "0-1"]
[WhiteElo "1759"]
[BlackElo "1807"]
[PlyCount "62"]
[EventDate "2013.??.??"]
[WhiteTeam "SV Wartburgstadt Eisenach"]
[BlackTeam "Schachverein Stützerbach"]

1. e4 d6 2. d3 Nf6 3. g3 g6 4. Bg2 Bg7 5. Ne2 c5 6. c4 Nc6 7. Nbc3 Bg4 8. f3
Bd7 9. O-O O-O 10. a3 Qc8 11. Ra2 Nh5 12. b3 Nd4 13. Kh1 Bh3 14. Nd5 Bxg2+ 15.
Kxg2 Qd7 16. Nxd4 Bxd4 17. Bh6 Ng7 18. Bxg7 Kxg7 19. Nf4 f5 20. Ne2 Be5 21. f4
Bf6 22. Re1 e5 23. Qc2 Rf7 24. Rf1 Raf8 25. Nc3 exf4 26. Rxf4 Be5 27. Rf2 f4
28. gxf4 Qg4+ 29. Kh1 Bd4 30. Rf1 Rxf4 31. Rxf4 Qg1# 0-1

[Event "Landesklasse West 2013/2014"]
[Site "?"]
[Date "2013.11.17"]
[Round "3"]
[White "Brehme, Stefan"]
[Black "Graupner, Markus"]
[Result "1/2-1/2"]
[WhiteElo "1775"]
[BlackElo "1651"]
[PlyCount "26"]
[EventDate "2013.??.??"]
[WhiteTeam "Schachverein Stützerbach"]
[BlackTeam "SV Wartburgstadt Eisenach"]

1. e4 d6 2. d4 Nf6 3. Nc3 c6 4. f4 Bg4 5. Be2 Bxe2 6. Qxe2 e6 7. Bd2 a6 8.
O-O-O Nbd7 9. Be3 Qa5 10. Qf3 d5 11. Kb1 dxe4 12. Nxe4 Nxe4 13. Qxe4 Qd5
1/2-1/2

[Event "Landesklasse West 2013/2014"]
[Site "?"]
[Date "2013.11.17"]
[Round "3"]
[White "Ulbricht, Olaf"]
[Black "Mages, Horst"]
[Result "0-1"]
[WhiteElo "1605"]
[BlackElo "1713"]
[PlyCount "60"]
[EventDate "2013.??.??"]
[WhiteTeam "SV Wartburgstadt Eisenach"]
[BlackTeam "Schachverein Stützerbach"]

1. e4 e6 2. Nc3 d5 3. exd5 exd5 4. Qe2+ Be7 5. b3 Nf6 6. Bb2 O-O 7. O-O-O Re8
8. f3 Ba3 9. Qf2 Bxb2+ 10. Kxb2 a5 11. g4 Na6 12. h4 c6 13. h5 h6 14. Nh3 d4
15. Nb1 a4 16. Re1 Rxe1 17. Qxe1 axb3 18. cxb3 Qa5 19. Qc1 Qd5 20. Nf4 Qxf3 21.
Nd3 Qxh1 22. g5 hxg5 23. Qe1 Be6 24. Na3 Re8 25. Nf2 Qg1 26. d3 Bf5 27. Ne4
Bxe4 28. dxe4 Rxe4 29. Qd1 Qf2+ 30. Kb1 Re1 0-1

[Event "Landesklasse West 2013/2014"]
[Site "?"]
[Date "2013.11.17"]
[Round "3"]
[White "Licht, Ralph"]
[Black "Hoppe, Hans-Jörg"]
[Result "1-0"]
[WhiteElo "1638"]
[BlackElo "1525"]
[PlyCount "73"]
[EventDate "2013.??.??"]
[WhiteTeam "Schachverein Stützerbach"]
[BlackTeam "SV Wartburgstadt Eisenach"]

1. c4 e5 2. Nc3 g6 3. g3 Bg7 4. Bg2 Nf6 5. e3 c5 6. Nge2 Nc6 7. O-O d6 8. d4
O-O 9. b3 Bg4 10. dxc5 dxc5 11. h3 Be6 12. Qxd8 Rfxd8 13. Ba3 Nb4 14. Bxb7 Bxh3
15. Bxa8 Bxf1 16. Kxf1 Rxa8 17. Bxb4 cxb4 18. Na4 Rc8 19. Rd1 Bf8 20. Nb2 a5
21. Nd3 Rd8 22. Ke1 Ng4 23. e4 f6 24. Nb2 Rxd1+ 25. Nxd1 f5 26. f3 Nf6 27. exf5
g5 28. Nf2 Kf7 29. g4 h5 30. Ng3 h4 31. Nge4 Nxe4 32. Nxe4 Be7 33. Kf2 Ke8 34.
Kg2 Kf7 35. Kh3 Kg7 36. c5 Kf7 37. c6 1-0

[Event "Landesklasse West 2013/2014"]
[Site "?"]
[Date "2013.12.08"]
[Round "4"]
[White "Minor, Viatcheslav"]
[Black "Essegern, Kurt"]
[Result "1-0"]
[WhiteElo "1920"]
[BlackElo "1963"]
[PlyCount "83"]
[EventDate "2013.??.??"]
[WhiteTeam "SV Wartburgstadt Eisenach"]
[BlackTeam "Randspringer Bad Salzungen"]

1. e4 c5 2. c3 Nf6 3. e5 Nd5 4. d4 cxd4 5. Nf3 e6 6. cxd4 Nc6 7. Bc4 Nb6 8. Bd3
d6 9. O-O Nb4 10. Be2 Bd7 11. Nc3 Rc8 12. Bg5 Be7 13. Ne4 Bxg5 14. Nfxg5 O-O
15. Bh5 dxe5 16. Bxf7+ Rxf7 17. Nxf7 Kxf7 18. Nd6+ Kg8 19. Nxc8 Nxc8 20. dxe5
Nd5 21. Qd4 a6 22. Rad1 Nce7 23. Rfe1 Ng6 24. Qg4 Qe7 25. Rd4 Bc6 26. Qg3 Qc5
27. Qg4 Kf7 28. Rd3 Qa5 29. Rf3+ Nf6 30. b4 Bxf3 31. Qxg6+ Kxg6 32. bxa5 Bd5
33. exf6 gxf6 34. a3 Kf5 35. Re3 h5 36. Rh3 Kg5 37. Rg3+ Kf5 38. Kf1 e5 39. Ke2
h4 40. Rg7 Ke6 41. f3 Kf5 42. Ke3 1-0

[Event "Landesklasse West 2013/2014"]
[Site "?"]
[Date "2013.12.08"]
[Round "4"]
[White "Hübschmann, Holger"]
[Black "Neef, Michael"]
[Result "0-1"]
[WhiteElo "1894"]
[BlackElo "1867"]
[PlyCount "78"]
[EventDate "2013.??.??"]
[WhiteTeam "Randspringer Bad Salzungen"]
[BlackTeam "SV Wartburgstadt Eisenach"]

1. Nf3 d5 2. c4 c6 3. b3 Bf5 4. Bb2 Nd7 5. d3 e6 6. Nbd2 Ngf6 7. Nh4 Bg6 8. g3
Be7 9. Bg2 O-O 10. O-O Bh5 11. Nhf3 Bg6 12. Re1 h6 13. a3 a5 14. Rb1 Rc8 15.
Nd4 Qb6 16. Nc2 Bc5 17. d4 Be7 18. c5 Qc7 19. b4 b5 20. Nf3 a4 21. Rc1 Ne4 22.
Ne3 f5 23. Ne5 Bh5 24. Nd3 Bg5 25. f4 Be7 26. Bf3 Ndf6 27. Ne5 g5 28. Bxh5 Nxh5
29. Ng2 Kh7 30. e3 g4 31. Re2 Ng7 32. Bc3 Bf6 33. Nd3 Qe7 34. Be1 Rh8 35. Nf2
Kg6 36. Nxe4 dxe4 37. Rcc2 Ne8 38. Bf2 Nc7 39. Ne1 Nd5 0-1

[Event "Landesklasse West 2013/2014"]
[Site "?"]
[Date "2013.12.08"]
[Round "4"]
[White "Schwarz, Hilmar"]
[Black "Essegern, Uwe"]
[Result "1/2-1/2"]
[WhiteElo "1798"]
[BlackElo "1864"]
[PlyCount "65"]
[EventDate "2013.??.??"]
[WhiteTeam "SV Wartburgstadt Eisenach"]
[BlackTeam "Randspringer Bad Salzungen"]

1. e4 c5 2. Nf3 Nc6 3. d4 cxd4 4. Nxd4 e5 5. Nxc6 bxc6 6. Nc3 Nf6 7. Bd3 Be7 8.
O-O O-O 9. Qe1 Rb8 10. Kh1 Ne8 11. b3 Bg5 12. f4 exf4 13. Bxf4 d6 14. Qe3 Bxf4
15. Rxf4 Qb6 16. Qg3 Ba6 17. Raf1 Bxd3 18. Qxd3 Rb7 19. Rh4 g6 20. Qh3 f6 21.
Qe6+ Rbf7 22. Rhf4 Qd4 23. Ne2 Qe5 24. Qc4 Qb5 25. Qxb5 cxb5 26. Rd1 f5 27.
exf5 Rxf5 28. Rxf5 Rxf5 29. Kg1 Kf7 30. Nd4 Rd5 31. Rd3 Nc7 32. Kf2 a6 33. Rf3+
1/2-1/2

[Event "Landesklasse West 2013/2014"]
[Site "?"]
[Date "2013.12.08"]
[Round "4"]
[White "Roth, Ralf"]
[Black "Königsdörfer, Gerhard"]
[Result "0-1"]
[WhiteElo "1867"]
[BlackElo "1851"]
[PlyCount "54"]
[EventDate "2013.??.??"]
[WhiteTeam "Randspringer Bad Salzungen"]
[BlackTeam "SV Wartburgstadt Eisenach"]

1. d4 d5 2. Nf3 Nf6 3. e3 e6 4. c4 c6 5. Nc3 Nbd7 6. Qc2 Be7 7. Be2 O-O 8. O-O
dxc4 9. Bxc4 b5 10. Bd3 Bb7 11. e4 c5 12. Bxb5 cxd4 13. Nxd4 Ne5 14. Rd1 Qc7
15. f3 Rfd8 16. Be3 Neg4 17. Qe2 Qxh2+ 18. Kf1 Qh1+ 19. Bg1 Bc5 20. fxg4 Rxd4
21. Qf3 Rxd1+ 22. Rxd1 Qxg1+ 23. Ke2 Qh2 24. g5 Nxe4 25. Nxe4 Qe5 26. Bd3 Rd8
27. Kf1 Bxe4 0-1

[Event "Landesklasse West 2013/2014"]
[Site "?"]
[Date "2013.12.08"]
[Round "4"]
[White "Anschütz, Bernd"]
[Black "Schulz, Tilo"]
[Result "1/2-1/2"]
[WhiteElo "1759"]
[BlackElo "1873"]
[PlyCount "81"]
[EventDate "2013.??.??"]
[WhiteTeam "SV Wartburgstadt Eisenach"]
[BlackTeam "Randspringer Bad Salzungen"]

1. e4 d6 2. d3 g6 3. g3 Bg7 4. Bg2 Nf6 5. Ne2 O-O 6. O-O c6 7. c3 Qc7 8. h3
Nbd7 9. Qc2 Rb8 10. Be3 b5 11. Nd2 Nb6 12. Rac1 c5 13. b3 a5 14. d4 c4 15. f4
Bd7 16. g4 Rfc8 17. Rf2 Be8 18. f5 cxb3 19. axb3 a4 20. Ng3 axb3 21. Qxb3 Nc4
22. Nxc4 Qxc4 23. Qxc4 Rxc4 24. e5 Nd7 25. Bd5 Ra4 26. exd6 exd6 27. Ne4 Nb6
28. Bb3 Ra3 29. Rb1 d5 30. Nd6 Rd8 31. Nxe8 Rxe8 32. Bd2 Bf8 33. f6 Bd6 34. Kf1
Re6 35. g5 Kf8 36. Re2 Rxe2 37. Kxe2 Ke8 38. Kf3 Kd7 39. Bc1 Ra8 40. Bc2 Kc6
41. Bd3 1/2-1/2

[Event "Landesklasse West 2013/2014"]
[Site "?"]
[Date "2013.12.08"]
[Round "4"]
[White "Feldmann, Bernd"]
[Black "Graupner, Markus"]
[Result "1/2-1/2"]
[WhiteElo "1817"]
[BlackElo "1651"]
[PlyCount "50"]
[EventDate "2013.??.??"]
[WhiteTeam "Randspringer Bad Salzungen"]
[BlackTeam "SV Wartburgstadt Eisenach"]

1. d4 d5 2. Nf3 e6 3. c3 Nf6 4. Bg5 Be7 5. Nbd2 O-O 6. Qc2 Nbd7 7. e3 Ne8 8. h4
f5 9. Bd3 Nef6 10. Bf4 Ne4 11. g3 Ndf6 12. Nf1 Ng4 13. Bxe4 fxe4 14. N3h2 Nf6
15. O-O-O Bd6 16. f3 Qe7 17. Nd2 e5 18. dxe5 Bxe5 19. fxe4 Bxf4 20. exf4 dxe4
21. Rde1 e3 22. Ndf1 Nd5 23. Qd3 Nb6 24. Qxe3 Qf7 25. b3 Bf5 1/2-1/2

[Event "Landesklasse West 2013/2014"]
[Site "?"]
[Date "2013.12.08"]
[Round "4"]
[White "Ulbricht, Olaf"]
[Black "Kunze, Heinz"]
[Result "1/2-1/2"]
[WhiteElo "1605"]
[BlackElo "1693"]
[PlyCount "33"]
[EventDate "2013.??.??"]
[WhiteTeam "SV Wartburgstadt Eisenach"]
[BlackTeam "Randspringer Bad Salzungen"]

1. e4 c5 2. Nf3 Nc6 3. d4 cxd4 4. Nxd4 e6 5. Nxc6 bxc6 6. Bd3 e5 7. Nc3 Nf6 8.
Qe2 Bb4 9. Bd2 O-O 10. O-O d6 11. a3 Ba5 12. Kh1 Be6 13. Rab1 Nd7 14. f4 exf4
15. Rxf4 Ne5 16. b4 Bc7 17. Rff1 1/2-1/2

[Event "Landesklasse West 2013/2014"]
[Site "?"]
[Date "2013.12.08"]
[Round "4"]
[White "Mäurer, Michael"]
[Black "Hoppe, Hans-Jörg"]
[Result "1/2-1/2"]
[WhiteElo "1592"]
[BlackElo "1525"]
[PlyCount "31"]
[EventDate "2013.??.??"]
[WhiteTeam "Randspringer Bad Salzungen"]
[BlackTeam "SV Wartburgstadt Eisenach"]

1. d4 d5 2. f4 Nf6 3. Nf3 e6 4. e3 c5 5. c3 Nbd7 6. Bb5 a6 7. Bxd7+ Bxd7 8. Ne5
cxd4 9. exd4 Be7 10. Nxd7 Qxd7 11. O-O O-O 12. Nd2 Rac8 13. Nf3 Bd6 14. Ne5
Bxe5 15. fxe5 Ne4 16. Qe2 1/2-1/2

[Event "Landesklasse West 2013/2014"]
[Site "?"]
[Date "2013.12.08"]
[Round "4"]
[White "Hocke, Sebastian"]
[Black "Anisheva, Varvara"]
[Result "1-0"]
[WhiteElo "2023"]
[BlackElo "2010"]
[PlyCount "63"]
[EventDate "2013.??.??"]
[WhiteTeam "ESV Lok Meiningen"]
[BlackTeam "SC 51 Nordhausen"]

1. e4 c5 2. Nf3 g6 3. c4 Bg7 4. d4 cxd4 5. Nxd4 Nc6 6. Be3 Nf6 7. Nc3 Qa5 8. f3
O-O 9. Nb3 Qd8 10. Qd2 d6 11. Be2 Be6 12. O-O Ne5 13. Nd5 Bxd5 14. cxd5 a6 15.
Rac1 b5 16. Nd4 Qd7 17. Qa5 Rfb8 18. Nc6 Nxc6 19. dxc6 Qe6 20. Bd1 Qe5 21. Qd2
Ne8 22. b4 Nc7 23. Bb3 h5 24. Rfd1 Qb2 25. Rc2 Qa3 26. Bg5 Re8 27. Qe1 a5 28.
bxa5 Qxa5 29. Bd2 Bd4+ 30. Kh1 Qb6 31. Qg3 e5 32. Qxg6+ 1-0

[Event "Landesklasse West 2013/2014"]
[Site "?"]
[Date "2013.12.08"]
[Round "4"]
[White "Scheftlein, Richard"]
[Black "Viererbe, Hartmut"]
[Result "1-0"]
[WhiteElo "1923"]
[BlackElo "1626"]
[PlyCount "67"]
[EventDate "2013.??.??"]
[WhiteTeam "ESV Lok Meiningen"]
[BlackTeam "SC 51 Nordhausen"]

1. d4 b6 2. c4 Bb7 3. Nc3 e6 4. Bf4 Bb4 5. Qb3 a5 6. a3 Bxc3+ 7. Qxc3 d6 8. Nf3
Nf6 9. e3 Ne4 10. Qc2 Nd7 11. Bd3 f5 12. h4 h6 13. h5 O-O 14. Nh4 Rf7 15. Ng6
Nf8 16. f3 Ng5 17. Nxf8 Rxf8 18. O-O-O Qf6 19. Rhf1 Rae8 20. c5 e5 21. Bg3 Ne6
22. Bc4 Kh8 23. dxe5 dxe5 24. cxb6 cxb6 25. Kb1 Nc5 26. Rh1 Qg5 27. Qf2 f4 28.
exf4 exf4 29. Bh4 Qxh5 30. Ka2 Qf5 31. Qd4 Qe5 32. Qd2 g5 33. Bf2 Re7 34. Bd4
1-0

[Event "Landesklasse West 2013/2014"]
[Site "?"]
[Date "2013.12.08"]
[Round "4"]
[White "Göbel, Klaus"]
[Black "Grube, Jan"]
[Result "0-1"]
[WhiteElo "1349"]
[BlackElo "1854"]
[PlyCount "82"]
[EventDate "2013.??.??"]
[WhiteTeam "SC 51 Nordhausen"]
[BlackTeam "ESV Lok Meiningen"]

1. d4 d5 2. Nf3 Bg4 3. Ne5 Bf5 4. e3 Nf6 5. Be2 e6 6. O-O Bd6 7. f4 h5 8. Bd3
Nbd7 9. Bxf5 exf5 10. c4 dxc4 11. Qc2 g6 12. Qxc4 Bxe5 13. fxe5 Ng4 14. h3 Nb6
15. Qe2 Qh4 16. Rf3 O-O-O 17. Bd2 Nh6 18. Nc3 Qe7 19. Rc1 a6 20. Be1 g5 21. Rf1
Rdg8 22. a4 g4 23. a5 gxh3 24. g3 h4 25. Qf3 hxg3 26. Bxg3 Rxg3+ 27. Qxg3 Rg8
28. Qxg8+ Nxg8 29. axb6 Qg5+ 30. Kf2 Qg2+ 31. Ke1 h2 32. Nd1 Qxf1+ 33. Kxf1
h1=Q+ 34. Ke2 c6 35. d5 Qxd5 36. Nc3 Qxe5 37. Kf3 Ne7 38. e4 fxe4+ 39. Nxe4 Nd5
40. Rc4 Qf4+ 41. Ke2 Qe3+ 0-1

[Event "Landesklasse West 2013/2014"]
[Site "?"]
[Date "2013.12.08"]
[Round "4"]
[White "Von Otte, Wilhelm"]
[Black "Wauer, Klaus"]
[Result "1-0"]
[WhiteElo "1938"]
[BlackElo "1427"]
[PlyCount "85"]
[EventDate "2013.??.??"]
[WhiteTeam "ESV Lok Meiningen"]
[BlackTeam "SC 51 Nordhausen"]

1. e4 c5 2. c3 Nf6 3. e5 Nd5 4. Bc4 Nb6 5. Bb3 e6 6. Nf3 Nc6 7. O-O d6 8. d4 c4
9. Bc2 d5 10. b3 Be7 11. Qe2 Bd7 12. Na3 Na5 13. Nd2 Rc8 14. Nab1 a6 15. f4 g6
16. Rf3 Rf8 17. Rh3 Rh8 18. Nf1 Nc6 19. Nbd2 Na7 20. Bb2 Nb5 21. b4 Ra8 22. a4
Nc7 23. g4 Nc8 24. g5 b5 25. a5 Bc6 26. Ne3 Kd7 27. Ng4 Qf8 28. Nf3 Ne8 29. Re1
Ng7 30. Bc1 Nf5 31. Bd2 h5 32. Bxf5 gxf5 33. Nf6+ Bxf6 34. gxf6 Rg8+ 35. Ng5
Qh6 36. Rxh5 Qf8 37. Rh7 Ke8 38. Kh1 Ra7 39. Qh5 Kd8 40. Nxf7+ Rxf7 41. Qxf7
Qxf7 42. Rxf7 Ke8 43. Rc7 1-0

[Event "Landesklasse West 2013/2014"]
[Site "?"]
[Date "2013.12.08"]
[Round "4"]
[White "Montag, Andreas"]
[Black "Jörges, Frank"]
[Result "1/2-1/2"]
[WhiteElo "1690"]
[BlackElo "1831"]
[PlyCount "41"]
[EventDate "2013.??.??"]
[WhiteTeam "SC 51 Nordhausen"]
[BlackTeam "ESV Lok Meiningen"]

1. e4 d5 2. exd5 Qxd5 3. Nc3 Qd6 4. d4 Nf6 5. Nf3 a6 6. Bd3 Bg4 7. Ne4 Nxe4 8.
Bxe4 Nc6 9. c3 e6 10. h3 Bh5 11. O-O Be7 12. b4 Bg6 13. Bxg6 hxg6 14. a4 Qd5
15. Bf4 Bd6 16. Bxd6 cxd6 17. Qe2 O-O 18. Rfd1 Rfc8 19. c4 Qh5 20. Qb2 Ne7 21.
Rac1 1/2-1/2

[Event "Landesklasse West 2013/2014"]
[Site "?"]
[Date "2013.12.08"]
[Round "4"]
[White "Webel, Jannik"]
[Black "Curea, Virgil"]
[Result "1/2-1/2"]
[WhiteElo "1675"]
[BlackElo "1497"]
[PlyCount "60"]
[EventDate "2013.??.??"]
[WhiteTeam "ESV Lok Meiningen"]
[BlackTeam "SC 51 Nordhausen"]

1. d4 c5 2. Nf3 cxd4 3. Nxd4 e6 4. g3 Qb6 5. Bg2 Nf6 6. O-O Bc5 7. e3 h5 8. Nf3
Nc6 9. b3 Qc7 10. c4 a6 11. Nc3 b6 12. Bb2 Bb7 13. Rc1 O-O-O 14. Qc2 Ng4 15.
Rfe1 Nb4 16. Qe2 f6 17. a3 Nc6 18. b4 Be7 19. b5 Na5 20. Na4 Nb3 21. Rc3 Nc5
22. Nxc5 Bxc5 23. a4 a5 24. Ba3 d6 25. Bxc5 dxc5 26. Rd1 Rxd1+ 27. Qxd1 Rd8 28.
Rd3 Rxd3 29. Qxd3 Bxf3 30. Bxf3 Ne5 1/2-1/2

[Event "Landesklasse West 2013/2014"]
[Site "?"]
[Date "2013.12.08"]
[Round "4"]
[White "Krüger, Karsten"]
[Black "Petiko, Nikolai"]
[Result "0-1"]
[WhiteElo "1242"]
[BlackElo "1962"]
[PlyCount "86"]
[EventDate "2013.??.??"]
[WhiteTeam "Schachverein Stützerbach"]
[BlackTeam "SV Breitenworbis"]

1. e4 d6 2. d4 Nf6 3. Nc3 c6 4. Nf3 Bg4 5. Be2 e6 6. Bg5 Be7 7. O-O O-O 8. e5
Nd5 9. Bxe7 Qxe7 10. Nxd5 cxd5 11. c3 Nc6 12. exd6 Qxd6 13. Qd3 Bxf3 14. Bxf3
Rfc8 15. Bd1 g6 16. Qf3 Kg7 17. Bc2 Nxd4 18. cxd4 Rxc2 19. Qb3 Qc7 20. Rab1 Rc8
21. Qe3 Qb6 22. f4 R8c4 23. Qe5+ f6 24. Qe3 Qxd4 25. Qxd4 Rxd4 26. a3 Rdd2 27.
Rfc1 Rxg2+ 28. Kf1 Rxh2 29. Rxc2 Rxc2 30. b4 h5 31. a4 h4 32. a5 h3 33. Kg1 g5
34. fxg5 fxg5 35. Re1 Kf6 36. Rf1+ Ke7 37. b5 g4 38. Rb1 g3 39. b6 axb6 40.
axb6 d4 41. Re1 d3 42. Kh1 d2 43. Rg1 Rc1 0-1